| 000 | 01380cam a2200349 i 4500 | ||
|---|---|---|---|
| 001 | 1911935 | ||
| 003 | EG-ScBUE | ||
| 005 | 20260120092859.0 | ||
| 008 | 841005t1981 ii a f b 000 0 eng d | ||
| 040 |
_aDLC _beng _erda _cDLC _dDLC _dEG-ScBUE |
||
| 082 | 0 | 4 |
_222 _a551.14 _bLYA |
| 100 | 1 |
_aLyalko, V. I., _eauthor. _97893 |
|
| 240 | 1 | 0 |
_aMetody rascheta teplo-i massoperenosa v zemnoi kore. _lEnglish |
| 245 | 1 | 0 |
_aCalculation of heat and mass transfer in the earth's crust : _bAlgorithms and programs / _cV.I. Lyalko. |
| 264 | 1 |
_aNew Delhi : _bOxonian Press, _c[1981] |
|
| 264 | 4 | _cc1981 | |
| 300 |
_axii, 150 pages : _billustrations ; _c24 cm |
||
| 336 |
_2rdacontent _atext _btxt |
||
| 337 |
_aunmediated _2rdamedia _bn |
||
| 338 |
_avolume _bnc _2rdacarrier |
||
| 504 | _aIncludes bibliographical references. | ||
| 650 | 7 |
_aTerrestrial heat flow _xMathematical models. _2BUEsh _97894 |
|
| 650 | 7 |
_aTerrestrial heat flow _xData processing. _2BUEsh _97895 |
|
| 650 | 7 |
_aMass transfer _xMathematical models. _2BUEsh _97896 |
|
| 650 | 7 |
_aMass transfer _xData processing. _2BUEsh _97897 |
|
| 650 | 7 |
_aGroundwater _xMathematical models. _2BUEsh _97898 |
|
| 650 | 7 |
_aGroundwater _xData processing. _2BUEsh _97899 |
|
| 650 | 7 |
_aGeophysics _zDnieper River Watershed. _2BUEsh _97900 |
|
| 650 | 7 |
_aGroundwater _zDnieper River Watershed. _2BUEsh _97901 |
|
| 655 | _vReading book | ||
| 942 |
_2ddc _cBB |
||
| 999 |
_c12305 _d12305 |
||